Znane osoby z "Rzeczpospolitej Polskiej". - Statystyki

Ogólne statystyki
  • Ten quiz został rozwiązany 77 razy
  • Średni wynik to 10 z 11
Answers on the Grid
Answers color-coded by a green-red scale on the quiz's grid according to % correct below.
Maria Skłodowska-Curie
Józef Piłsudzki
Tadeusz Kościuszko
Adam Mickiewicz
Fryderyk Chopin
Józef Stalin
Winston Churchill
Franklin Delano Roosevelt
Mieszko I
Adolf Hitler
Benito Mussolini
Hirohito
Andrzej Duda
Karol Nawrocki
Rafał Trzaskowski
Donald Tusk
Angela merkel
Olaf Schölz
Robert Lewandowski
 
Statystyki odpowiedzi
Odpowiedź % Poprawnych
Józef Piłsudzki
96%
Maria Skłodowska-Curie
96%
Adam Mickiewicz
94%
Fryderyk Chopin
94%
Andrzej Duda
90%
Karol Nawrocki
90%
Robert Lewandowski
90%
Tadeusz Kościuszko
90%
Rafał Trzaskowski
88%
Donald Tusk
86%
Mieszko I
86%
Nie znaleziono quizów pasujących do podanych kryteriów
Rozkład punktacji
Procent ludzi z każdym wynikiem
Percentyl według liczby udzielonych odpowiedzi
Twoja historia wyników
Nie rozwiązałeś tego quizu